000 00726nam 22002173 4500
001 198862
021 _aPT
090 _a198862
100 _a20240806d u||y0pory50 ba
101 _apor
102 _aPT
200 _aIrmãos de S. João de Deus
_e50 anos de presença em África 1943-1993
_fNuno Filipe , O. H.
210 _a[s.l]
_c Editorial Missões
_cEditorial Hospitalidade
_d1980
215 _a218 p.
_cfot. ; brochado
_d23 cm
606 _95487
_aCristianismo. Igrejas e denominações Cristãs
610 _aOrdem Hospitaleira de São João de Deus -- África -- 1943-1993
675 _a27(6)"1943/1993"
_vPT
_zpor
700 _98149
_aO. H.
_bNuno F. Filipe
801 _aPT
_bBMMN
_gRPC
830 _cAna
_fAna
990 _cLIVROS